000 00527nam a2200169 i 4500
001 74415
003 ES-MaACL
005 20230906172127.0
007 t|
008 040917s1970 sp ||||1| spa d
100 1 _aGonzález Ollé, Fernando.
_958846
245 1 0 _aTextos lingüísticos navarros /
_cFernando González Olle.
260 _aPamplona :
_bInstitución Príncipe de Viana,
_c1970.
300 _a274 p. ;
_c21 cm.
500 _aLa última hoja está encuadernada al revés.
852 _aES-MaACL
_jC-38699
_bR.76783
999 _c74415
_d74415